| 000 | 00602nam a2200169 i 4500 | ||
|---|---|---|---|
| 001 | 63095 | ||
| 003 | ES-MaACL | ||
| 005 | 20230906164803.0 | ||
| 007 | t| | ||
| 008 | 031128s1930 sp ||||1| spa d | ||
| 100 | 1 |
_aFernández de Retana, Luis de. _949708 |
|
| 245 | 1 | 0 |
_aCisneros y su siglo _b: estudio histórico de la vida y actuación pública del Cardenal D. Fr. Francisco Ximenes de Cisneros / _cLuis Fernández de Retana. |
| 260 |
_aMadrid : _bPerpetuo Socorro, _c1930 ( _fImp. Clásica Española) |
||
| 300 |
_a558 p. : _bil. ; _c29 cm. |
||
| 500 | _aEs el T. II. | ||
| 852 |
_aES-MaACL _jC-6661 |
||
| 999 |
_c63095 _d63095 |
||